[Event "TCh-AUT 2012-13"]
[Site "Hohenems AUT"]
[Date "2012.11.03"]
[Round "2.1"]
[White "Balogh, C."]
[Black "Babula, V."]
[Result "1/2-1/2"]
[WhiteElo "2641"]
[BlackElo "2585"]
[PlyCount "100"]
[EventDate "2012.11.02"]
[EventType "team"]
[SourceDate "1999.07.01"]
[WhiteTeam "SK Advisory Invest Baden"]
[BlackTeam "Union Ansfelden"]

1. e4 c5 2. Nf3 d6 3. Bb5+ Nd7 4. c3 Ngf6 5. Qe2 a6 6. Ba4 b5 7. Bc2 e5 8. O-O
Be7 9. d4 O-O 10. Rd1 Qc7 11. a4 Rb8 12. Na3 cxd4 13. cxd4 bxa4 14. Bxa4 exd4
15. Nxd4 Nc5 16. Bc2 Re8 17. f3 d5 18. e5 Bf8 19. Be3 Qxe5 20. Nc6 Qxb2 21.
Nxb8 Qxb8 22. Qf2 Ne6 23. Ba4 Rd8 24. Rab1 Qe5 25. Nc2 Bd6 26. g3 Ng5 27. Kg2
Bh3+ 28. Kh1 Nfe4 29. fxe4 Qxe4+ 30. Kg1 Nf3+ 31. Kh1 Ne5+ 32. Kg1 Nf3+ 33. Kh1
Ne5+ 34. Kg1 Qxa4 35. Rxd5 h6 36. Rbd1 Qe4 37. Rxd6 Rxd6 38. Rxd6 Nf3+ 39. Kh1
Ng5+ 40. Kg1 Nf3+ 41. Kh1 Nd4+ 42. Kg1 Nxc2 43. Bd2 a5 44. Bxa5 Qa4 45. Bc3 Qb3
46. Qf3 Qb8 47. Rd1 Qb6+ 48. Qf2 Ne3 49. Re1 Nd5 50. Qxb6 Nxb6 1/2-1/2

[Event "TCh-AUT 2012-13"]
[Site "Hohenems AUT"]
[Date "2012.11.03"]
[Round "2.1"]
[White "Antoniewski, R."]
[Black "Volokitin, And"]
[Result "1/2-1/2"]
[WhiteElo "2557"]
[BlackElo "2722"]
[PlyCount "92"]
[EventDate "2012.11.02"]
[EventType "team"]
[SourceDate "1999.07.01"]
[WhiteTeam "ASVO Wulkaprodersdorf"]
[BlackTeam "SK Sparkasse Jenbach"]

1. e4 c5 2. Nf3 d6 3. Nc3 Nf6 4. e5 dxe5 5. Nxe5 a6 6. Be2 e6 7. Bf3 Qc7 8. Nc4
Bd7 9. d3 Bc6 10. a4 b6 11. O-O Be7 12. Re1 Nbd7 13. b3 O-O 14. Bb2 Rfd8 15.
Qe2 Qb7 16. Ne4 Nxe4 17. Bxe4 Bxe4 18. Qxe4 Rab8 19. Qg4 Bf6 20. Ne5 Nxe5 21.
Bxe5 Bxe5 22. Rxe5 Rd4 23. Qg3 Rc8 24. h3 Qd7 25. Qe3 h6 26. Re4 Rxe4 27. Qxe4
Qd4 28. Rd1 Rb8 29. Kf1 Qb2 30. Qe2 b5 31. axb5 axb5 32. Qd2 Ra8 33. Qc1 Qc3
34. Qd2 Qe5 35. Qe3 Qd6 36. Kg1 b4 37. Qe4 Ra2 38. d4 g6 39. Qd3 h5 40. dxc5
Qxc5 41. Qd8+ Kg7 42. Qd4+ Qxd4 43. Rxd4 Rxc2 44. h4 Rc1+ 45. Kh2 Rf1 46. Kg3
Rc1 1/2-1/2

[Event "TCh-HUN 2012-13"]
[Site "Paks HUN"]
[Date "2012.09.16"]
[Round "1"]
[White "Antal, Ge"]
[Black "Nevednichy, V."]
[Result "1/2-1/2"]
[WhiteElo "2508"]
[BlackElo "2554"]
[PlyCount "119"]
[EventDate "2012.09.16"]
[SourceDate "1999.07.01"]
[WhiteTeam "Penzugyor SE"]
[BlackTeam "ASE Paks"]

1. e4 c5 2. Nf3 d6 3. d4 cxd4 4. Qxd4 Nc6 5. Bb5 Bd7 6. Qd3 Nf6 7. Nc3 g6 8.
Bg5 Bg7 9. O-O-O h6 10. Bd2 O-O 11. h3 a6 12. Bc4 b5 13. Bb3 Na5 14. e5 Nxb3+
15. axb3 dxe5 16. Nxe5 Bf5 17. Qxd8 Rfxd8 18. Nc6 Re8 19. Rhe1 Bf8 20. g4 Bd7
21. Ne5 Bc8 22. Ne4 Nxe4 23. Rxe4 e6 24. Bc3 Bg7 25. Re3 g5 26. Nd7 Bxd7 27.
Rxd7 Red8 28. Red3 Rxd7 29. Rxd7 h5 30. Kd2 hxg4 31. hxg4 a5 32. Bxg7 Kxg7 33.
c3 Kg6 34. Rb7 b4 35. cxb4 axb4 36. Rxb4 f5 37. Rc4 fxg4 38. Rxg4 Kf5 39. Rc4
g4 40. b4 Rg8 41. Rc3 Rb8 42. Rb3 Ke4 43. b5 Rb6 44. Ke2 e5 45. Rb4+ Kd5 46.
Kd3 Kc5 47. Rxg4 Rxb5 48. Kc3 Rb8 49. b4+ Kd5 50. Kd3 Ra8 51. Ke2 Ra2+ 52. Kf3
e4+ 53. Kg3 Ra3+ 54. Kg2 Rb3 55. Rg5+ Kc4 56. Re5 Kd4 57. Rb5 Kc4 58. Rc5+ Kd4
59. Rb5 Kc4 60. Rc5+ 1/2-1/2

[Event "17th European Club Cup w"]
[Site "Eilat ISR"]
[Date "2012.10.12"]
[Round "2.4"]
[White "Muzychuk, A."]
[Black "Cmilyte, V."]
[Result "1/2-1/2"]
[WhiteElo "2587"]
[BlackElo "2528"]
[PlyCount "96"]
[EventDate "2012.10.11"]
[SourceDate "1999.07.01"]
[WhiteTeam "Cercle d'Echecs de Monte-Carlo"]
[BlackTeam "AVS"]

1. e4 c5 2. Nf3 d6 3. d4 cxd4 4. Nxd4 Nf6 5. Nc3 g6 6. Be3 Bg7 7. f3 O-O 8. Qd2
Nc6 9. O-O-O d5 10. exd5 Nxd5 11. Nxc6 bxc6 12. Bd4 Bxd4 13. Qxd4 Qb6 14. Na4
Qc7 15. Nc5 Rd8 16. Bc4 Bf5 17. Bb3 Nb6 18. Qc3 h5 19. g3 e6 20. Rhe1 Nd5 21.
Qc4 Nb6 22. Qc3 Nd5 23. Qe5 Qe7 24. Ne4 Bxe4 25. fxe4 Nf6 26. Qg5 Kg7 27. Rf1
Rxd1+ 28. Rxd1 Qc7 29. e5 Ng4 30. Re1 Qa5 31. c3 Rb8 32. h3 Rxb3 33. axb3 Qa1+
34. Kd2 Qxb2+ 35. Kd3 Qf2 36. hxg4 Qxe1 37. gxh5 Qd1+ 38. Kc4 Qd5+ 39. Kb4 c5+
40. Ka3 Qd1 41. h6+ Kh7 42. Kb2 Qe2+ 43. Kc1 Qh2 44. Qf6 Qxh6+ 45. Kb1 Qh1+ 46.
Kb2 Qg2+ 47. Ka3 Qxg3 48. Qxf7+ Kh6 1/2-1/2

[Event "St Petersburg Rapid Cup 2012"]
[Site "St Petersburg RUS"]
[Date "2012.10.06"]
[Round "5.3"]
[White "Shimanov, A."]
[Black "Khalifman, A."]
[Result "1/2-1/2"]
[WhiteElo "2599"]
[BlackElo "2614"]
[PlyCount "107"]
[EventDate "2012.10.05"]
[SourceDate "1999.07.01"]

1. Nf3 c5 2. e4 d6 3. d4 cxd4 4. Nxd4 Nf6 5. f3 Nc6 6. Nc3 e5 7. Nb3 Be7 8. Be3
O-O 9. Be2 a5 10. Na4 Be6 11. c4 Nd7 12. O-O Nc5 13. Naxc5 dxc5 14. Nxc5 Nd4
15. Bxd4 Qxd4+ 16. Qxd4 exd4 17. Nxe6 fxe6 18. f4 Bc5 19. Bd3 e5 20. g3 Rf6 21.
Rf2 Raf8 22. Raf1 Bd6 23. fxe5 Rxf2 24. Rxf2 Rxf2 25. Kxf2 Bxe5 26. c5 Kf8 27.
Ke2 Ke7 28. Bc4 Kd7 29. Bb5+ Kc7 30. Kd3 b6 31. c6 Kd6 32. b3 Kc5 33. a4 g5 34.
Ke2 h5 35. Kf3 Kd6 36. h4 gxh4 37. gxh4 Kc5 38. Kf2 Kd6 39. Be2 Bf6 40. Kg3
Kxc6 41. Bxh5 d3 42. Bd1 Kc5 43. h5 Kd4 44. Kf4 Be5+ 45. Kf5 Bg7 46. Bg4 Be5
47. h6 Bh8 48. h7 Be5 49. Ke6 Bh8 50. Kf5 Be5 51. Ke6 Bh8 52. Kf5 Be5 53. Bd1
Bh8 54. Bg4 1/2-1/2

[Event "St Petersburg Rapid Cup 2012"]
[Site "St Petersburg RUS"]
[Date "2012.10.06"]
[Round "6.1"]
[White "Zvjaginsev, V."]
[Black "Efimenko, Z."]
[Result "1/2-1/2"]
[WhiteElo "2678"]
[BlackElo "2689"]
[PlyCount "41"]
[EventDate "2012.10.05"]
[SourceDate "1999.07.01"]

1. e4 c5 2. Nf3 d6 3. d4 cxd4 4. Qxd4 Bd7 5. Be3 Nc6 6. Qd2 Nf6 7. Nc3 e6 8.
Bf4 Qa5 9. Nb5 O-O-O 10. Qxa5 Nxa5 11. Nxd6+ Bxd6 12. Bxd6 Nxe4 13. Be7 Rde8
14. Ba3 e5 15. Bd3 Nxf2 16. Kxf2 e4 17. b4 Nc6 18. b5 Nd8 19. Nd4 exd3 20. cxd3
Kb8 21. Bd6+ 1/2-1/2

[Event "St Petersburg Rapid Cup 2012"]
[Site "St Petersburg RUS"]
[Date "2012.10.06"]
[Round "7.2"]
[White "Shimanov, A."]
[Black "Khairullin, I."]
[Result "0-1"]
[WhiteElo "2599"]
[BlackElo "2639"]
[PlyCount "110"]
[EventDate "2012.10.05"]
[SourceDate "1999.07.01"]

1. e4 c5 2. Nf3 d6 3. d4 cxd4 4. Nxd4 Nf6 5. Nc3 Nc6 6. Bc4 e6 7. Be3 Be7 8.
Qe2 a6 9. O-O-O Qc7 10. Kb1 Na5 11. Bd3 b5 12. g4 Bb7 13. g5 Nd7 14. f4 b4 15.
Na4 Nc5 16. b3 Nxa4 17. bxa4 d5 18. Bc1 dxe4 19. Bxe4 Bxe4 20. Qxe4 O-O 21. f5
e5 22. Nb3 Nc4 23. f6 Bd6 24. fxg7 Rfc8 25. Rhf1 Qc6 26. Qf5 Rc7 27. Rf3 Qd7
28. Qd3 Qg4 29. Rf6 Be7 30. h3 Qg2 31. Rff1 Kxg7 32. Qf5 Rf8 33. Rf2 Qc6 34.
Rdf1 Qg6 35. Qg4 Qe6 36. Qh4 Kh8 37. Qh5 Bd8 38. h4 Kg8 39. Rf6 Qh3 40. R6f3
Qe6 41. R3f2 Na3+ 42. Bxa3 bxa3 43. Qe2 e4 44. Rf5 Qc4 45. Qxc4 Rxc4 46. h5 e3
47. g6 hxg6 48. hxg6 f6 49. Rg1 Kg7 50. Nc5 Re8 51. Rh5 e2 52. Nd3 Rce4 53. Ne1
Bb6 54. Rh7+ Kg8 55. Rgh1 Rb4+ 0-1

[Event "St Petersburg Rapid Cup 2012"]
[Site "St Petersburg RUS"]
[Date "2012.10.07"]
[Round "9.5"]
[White "Efimenko, Z."]
[Black "Khalifman, A."]
[Result "1/2-1/2"]
[WhiteElo "2689"]
[BlackElo "2614"]
[PlyCount "219"]
[EventDate "2012.10.05"]
[SourceDate "1999.07.01"]

1. e4 c5 2. Nf3 d6 3. d4 cxd4 4. Nxd4 Nf6 5. Nc3 g6 6. g3 Nc6 7. Nde2 b6 8. Bg2
Bb7 9. O-O Bg7 10. h3 O-O 11. Be3 Ne5 12. b3 Re8 13. Rc1 Ned7 14. Re1 Rb8 15.
Bd4 Nc5 16. e5 dxe5 17. Bxe5 Rc8 18. Bxb7 Nxb7 19. Nb5 Qxd1 20. Rexd1 Rc5 21.
Bxf6 exf6 22. Ned4 a6 23. Na3 Bh6 24. Ra1 Nd6 25. c4 f5 26. Nac2 Ne4 27. Nb4
Ra8 28. Nd5 b5 29. b4 Rxc4 30. Nb6 Rb8 31. Nxc4 bxc4 32. Nc6 Rb6 33. Ne7+ Kg7
34. Nd5 Rc6 35. f4 Nxg3 36. Kg2 Ne4 37. Rac1 Kf8 38. a4 Bg7 39. b5 axb5 40.
axb5 Rc5 41. b6 Bb2 42. Rc2 c3 43. b7 Rb5 44. Nxc3 Bxc3 45. Rd8+ Kg7 46. b8=Q
Rxb8 47. Rxb8 h6 48. Rb3 Bd2 49. Kf3 g5 50. fxg5 hxg5 51. Rb6 Bc3 52. Rc6 Be5
53. Ra2 g4+ 54. hxg4 Ng5+ 55. Kg2 fxg4 56. Ra7 Nf3 57. Rc4 Kg6 58. Rxg4+ Ng5
59. Rc4 f6 60. Kf1 Kf5 61. Ke2 Ke6 62. Kd3 Kf5 63. Ra2 Ke6 64. Rc6+ Kf5 65.
Rf2+ Kg6 66. Kc4 Nh3 67. Rf1 Nf4 68. Ra6 Kf5 69. Kc5 Kg6 70. Kc6 Kf5 71. Kd7
Kg6 72. Ra2 Kf5 73. Ke7 Kg5 74. Kf7 Kf5 75. Ke7 Kg5 76. Kd7 Kf5 77. Kc6 Ke6 78.
Kc5 Nd3+ 79. Kc4 Nf4 80. Kb3 Kf5 81. Kc2 Kg6 82. Ra6 Nh3 83. Kd3 Ng5 84. Kc4
Nh3 85. Kd5 Nf4+ 86. Ke4 Nh3 87. Kf3 Kf5 88. Kg2+ Nf4+ 89. Kg3 Kg5 90. Ra8 Ne6+
91. Kf3 Kf5 92. Ke3+ Kg6 93. Rg8+ Kf7 94. Rg2 Nc5 95. Rc1 Ne6 96. Ke4 Ke7 97.
Rd1 Nc5+ 98. Kf5 Ne6 99. Rg4 Bd6 100. Rh4 Ng7+ 101. Kg6 Ne8 102. Rh7+ Ke6 103.
Rf7 Be5 104. Rdd7 Nd6 105. Rfe7+ Kd5 106. Ra7 Nc4 107. Ra6 Nd6 108. Rh7 Nc4
109. Rxf6 Bxf6 110. Kxf6 1/2-1/2

[Event "St Petersburg Rapid Cup 2012"]
[Site "St Petersburg RUS"]
[Date "2012.10.07"]
[Round "10.1"]
[White "Zvjaginsev, V."]
[Black "Svidler, P."]
[Result "1/2-1/2"]
[WhiteElo "2678"]
[BlackElo "2747"]
[PlyCount "27"]
[EventDate "2012.10.05"]
[SourceDate "1999.07.01"]

1. e4 c5 2. Nf3 d6 3. d4 cxd4 4. Qxd4 a6 5. Be2 Nf6 6. O-O Nc6 7. Qe3 g6 8. c4
Bg4 9. Nbd2 Bg7 10. h3 Bd7 11. Rb1 O-O 12. b3 Qa5 13. a3 Qc5 14. Qxc5 1/2-1/2

[Event "Baku Open 2012"]
[Site "Baku AZE"]
[Date "2012.09.23"]
[Round "2.3"]
[White "Guliyev, N."]
[Black "Mamedov, Rau"]
[Result "1/2-1/2"]
[WhiteElo "2536"]
[BlackElo "2634"]
[PlyCount "60"]
[EventDate "2012.09.22"]
[SourceDate "1999.07.01"]

1. e4 c5 2. Nf3 d6 3. d4 Nf6 4. Nc3 cxd4 5. Nxd4 g6 6. Be3 Bg7 7. f3 Nc6 8. Qd2
O-O 9. g4 Be6 10. Nxe6 fxe6 11. O-O-O Ne5 12. Be2 Qc8 13. h4 Nfd7 14. f4 Nc4
15. Bxc4 Qxc4 16. e5 Rfd8 17. h5 dxe5 18. hxg6 hxg6 19. Qh2 exf4 20. Bxf4 Nf6
21. Rdf1 Rf8 22. Kb1 Rad8 23. Be3 b5 24. Rf4 Qc6 25. Bxa7 Rd2 26. Qxd2 Qxh1+
27. Qd1 Qxd1+ 28. Nxd1 Bh6 29. Rf1 Rd8 30. Nf2 e5 1/2-1/2

[Event "FIDE WGP Ankara 2012"]
[Site "Ankara TUR"]
[Date "2012.09.27"]
[Round "10"]
[White "Muzychuk, A."]
[Black "Cmilyte, V."]
[Result "1/2-1/2"]
[WhiteElo "2606"]
[BlackElo "2520"]
[PlyCount "107"]
[EventDate "2012.09.16"]
[SourceDate "1999.07.01"]

1. e4 c5 2. Nf3 d6 3. d4 cxd4 4. Nxd4 Nf6 5. Nc3 g6 6. Be3 Bg7 7. f3 O-O 8. Qd2
Nc6 9. O-O-O d5 10. exd5 Nxd5 11. Nxc6 bxc6 12. Bd4 Bxd4 13. Qxd4 Qb6 14. Na4
Qc7 15. Nc5 Rd8 16. Bc4 Bf5 17. Bb3 h5 18. Rhe1 Nb6 19. Qe3 Rxd1+ 20. Rxd1 Qxh2
21. Qxe7 Nd5 22. Qe2 Nf4 23. Qe7 Nd5 24. Qe2 Qf4+ 25. Kb1 Qe3 26. Qxe3 Nxe3 27.
Rd2 Re8 28. Re2 Rd8 29. a3 Rd1+ 30. Ka2 Nd5 31. Bxd5 Rxd5 32. b4 h4 33. Kb2 Kg7
34. Kc1 g5 35. Re7 a5 36. Re1 axb4 37. axb4 g4 38. fxg4 Bxg4 39. Nd3 Bf5 40.
Ne5 Rd4 41. Rf1 Bg6 42. c3 Re4 43. Nxg6 Kxg6 44. Kd2 Rg4 45. Rf2 Rg3 46. Kc2 f5
47. Kb3 Kg5 48. Kc4 f4 49. Kd4 h3 50. gxh3 Rxh3 51. c4 Rb3 52. Kc5 f3 53. Kxc6
Rxb4 54. Rxf3 1/2-1/2

[Event "Vladivostok Russian Cup 2012"]
[Site "Vladivostok RUS"]
[Date "2012.09.21"]
[Round "5.2"]
[White "Zvjaginsev, V."]
[Black "Khismatullin, D."]
[Result "1/2-1/2"]
[WhiteElo "2671"]
[BlackElo "2639"]
[PlyCount "81"]
[EventDate "2012.09.17"]
[SourceDate "1999.07.01"]

1. e4 c5 2. Nf3 d6 3. d4 cxd4 4. Qxd4 Nf6 5. Bb5+ Nc6 6. c4 Bd7 7. Qd3 g6 8.
Nc3 Bg7 9. h3 a6 10. Bxc6 Bxc6 11. O-O Nd7 12. Be3 Nc5 13. Qc2 Bxc3 14. Qxc3 f6
15. Bxc5 dxc5 16. Rad1 Qb6 17. e5 Qb4 18. Qe3 O-O 19. b3 Qa5 20. Rfe1 Rae8 21.
Re2 Rd8 22. Rxd8 Qxd8 23. Kh2 Bxf3 24. Qxf3 Qd7 25. exf6 Rxf6 26. Qe3 Qd6+ 27.
g3 b6 28. Rd2 Qe6 29. Qxe6+ Rxe6 30. Kg2 Kf7 31. Rd8 g5 32. a4 h6 33. a5 bxa5
34. Rc8 Rb6 35. Rxc5 Rxb3 36. Rc6 e6 37. Rxa6 Rc3 38. Rxa5 Rxc4 39. Ra7+ Kf6
40. Rh7 Kg6 41. Re7 1/2-1/2

[Event "Vladivostok Russian Cup 2012"]
[Site "Vladivostok RUS"]
[Date "2012.09.23"]
[Round "7.2"]
[White "Zvjaginsev, V."]
[Black "Kokarev, Dm"]
[Result "0-1"]
[WhiteElo "2671"]
[BlackElo "2604"]
[PlyCount "76"]
[EventDate "2012.09.17"]
[SourceDate "1999.07.01"]

1. e4 c5 2. Nf3 d6 3. d4 cxd4 4. Qxd4 Nf6 5. Bb5+ Bd7 6. c4 g6 7. O-O Bg7 8.
Nc3 O-O 9. h3 a6 10. Bxd7 Nfxd7 11. Qd2 Nc5 12. Re1 b5 13. Qe2 b4 14. Nd5 Nc6
15. Rd1 e6 16. Nf4 Qc7 17. Rb1 b3 18. axb3 Rab8 19. Be3 Rxb3 20. Nd4 Nxd4 21.
Bxd4 Bxd4 22. Rxd4 Rfb8 23. Qc2 Qb6 24. Rd2 Qc6 25. f3 a5 26. Ne2 Na4 27. Qc1
R8b4 28. c5 Qxc5+ 29. Qxc5 dxc5 30. Ra1 Kg7 31. Kf2 Nxb2 32. Nc1 Rc3 33. Ne2
Rd3 34. Rc2 Nd1+ 35. Kg3 Ne3 36. Rxc5 Rd2 37. Kf2 Nxg2 38. Kxg2 Rxe2+ 0-1

[Event "TCh-SRB Prem 2012"]
[Site "Valjevo SRB"]
[Date "2012.09.24"]
[Round "8.1"]
[White "Solak, D."]
[Black "Efimenko, Z."]
[Result "0-1"]
[WhiteElo "2599"]
[BlackElo "2689"]
[PlyCount "98"]
[EventDate "2012.09.17"]
[SourceDate "1999.07.01"]
[WhiteTeam "Novosadski SK DDOR"]
[BlackTeam "SK Radnicki Kragujevac"]

1. e4 c5 2. Nf3 d6 3. Bb5+ Nd7 4. d4 Ngf6 5. Nc3 cxd4 6. Qxd4 e5 7. Qd3 h6 8.
Nd2 a6 9. Bxd7+ Bxd7 10. Nc4 Be6 11. Be3 Rc8 12. Nb6 Rc6 13. Nbd5 Be7 14. O-O
O-O 15. Rfd1 Ng4 16. Rd2 Bh4 17. g3 Bg5 18. Bxg5 hxg5 19. h3 Nf6 20. Nxf6+ Qxf6
21. Nd5 Bxd5 22. Qxd5 g6 23. Re1 Kg7 24. Re3 Qe7 25. g4 Rfc8 26. c3 b5 27. a3
Rb6 28. Qb3 Rc4 29. f3 a5 30. Red3 Qc7 31. Kg2 b4 32. cxb4 axb4 33. a4 Rc1 34.
Rd1 Rbc6 35. R3d2 Rxd1 36. Qxd1 Rc1 37. Qe2 b3 38. Qe3 Qc4 39. Rf2 Ra1 40. Qxg5
Qxa4 41. h4 Re1 42. Qd2 Qa1 43. Kg3 Rd1 44. Qc3 Rc1 45. Qd3 Rg1+ 46. Kh3 Rh1+
47. Rh2 Rxh2+ 48. Kxh2 Qxb2+ 49. Kg3 Qa3 0-1

[Event "40th Olympiad Open"]
[Site "Istanbul TUR"]
[Date "2012.09.04"]
[Round "7.20"]
[White "Borisek, J."]
[Black "Carlsson, P."]
[Result "1-0"]
[WhiteElo "2554"]
[BlackElo "2511"]
[PlyCount "138"]
[EventDate "2012.08.28"]
[SourceDate "1999.07.01"]
[WhiteTeam "Slovenia"]
[BlackTeam "Sweden"]
[WhiteTeamCountry "ZAR"]
[BlackTeamCountry "BNN"]

1. e4 c5 2. Nf3 d6 3. d4 Nf6 4. Nc3 cxd4 5. Nxd4 g6 6. Be3 Bg7 7. f3 O-O 8. Qd2
Nc6 9. g4 Qa5 10. O-O-O Nxd4 11. Bxd4 Be6 12. Kb1 Rfc8 13. a3 Rab8 14. h4 b5
15. Nd5 Qxd2 16. Nxf6+ Bxf6 17. Rxd2 Bxd4 18. Rxd4 h6 19. Kc1 Kg7 20. Kd2 g5
21. c3 a6 22. Ke3 Rh8 23. Rd2 Bc4 24. Bd3 h5 25. Rg2 hxg4 26. Rxg4 f6 27. f4
Rh5 28. fxg5 fxg5 29. Rxg5+ Rxg5 30. hxg5 Kg6 31. e5+ Bxd3 32. Kxd3 Kxg5 33.
Ke4 dxe5 34. Kxe5 Rd8 35. Rg1+ Kh4 36. Rg6 Rd2 37. b4 Rd3 38. Rxa6 Rxc3 39. Ra7
Re3+ 40. Kd4 Re1 41. Kc5 Re5+ 42. Kc6 Kg5 43. Ra5 Kf4 44. a4 bxa4 45. b5 Re6+
46. Kc7 Re4 47. b6 Rc4+ 48. Kd7 Rb4 49. Kc6 e5 50. Kc5 Rb1 51. Rxa4+ e4 52. Rb4
Rc1+ 53. Kd5 Rd1+ 54. Rd4 Rb1 55. Rxe4+ Kf5 56. Re5+ Kf6 57. Re6+ Kf7 58. Rh6
Kg7 59. Rd6 Kf7 60. Kc6 Ke7 61. Rd2 Rc1+ 62. Kb7 Ke6 63. Ka7 Ra1+ 64. Kb8 Ke7
65. b7 Ke6 66. Rd4 Ke5 67. Rb4 Ke6 68. Kc7 Rc1+ 69. Kb6 Kd5 1-0

[Event "40th Olympiad Open"]
[Site "Istanbul TUR"]
[Date "2012.09.05"]
[Round "8.5"]
[White "Balogh, C."]
[Black "Gustafsson, J."]
[Result "1/2-1/2"]
[WhiteElo "2668"]
[BlackElo "2610"]
[PlyCount "61"]
[EventDate "2012.08.28"]
[SourceDate "1999.07.01"]
[WhiteTeam "Hungary"]
[BlackTeam "Germany"]
[WhiteTeamCountry "MLT"]
[BlackTeamCountry "KAZ"]

1. e4 c5 2. Nf3 d6 3. d4 cxd4 4. Nxd4 Nf6 5. Nc3 g6 6. g3 Bg7 7. Bg2 O-O 8. h3
Nc6 9. Be3 Bd7 10. O-O Ne5 11. Qe2 Rc8 12. Rad1 Nc4 13. Bc1 Qa5 14. Kh2 Nxb2
15. Bxb2 Rxc3 16. Bxc3 Qxc3 17. f4 Nh5 18. Rf3 Qc7 19. Nb5 Bxb5 20. Qxb5 Qxc2
21. Qb3 Qc7 22. Rf2 Nf6 23. Rc2 Qb8 24. Qc4 d5 25. exd5 Ne8 26. Re1 Bf6 27. h4
h5 28. a4 Nd6 29. Qc7 Qxc7 30. Rxc7 a5 31. Bh3 1/2-1/2

[Event "40th Olympiad Open"]
[Site "Istanbul TUR"]
[Date "2012.09.05"]
[Round "8.12"]
[White "Macieja, B."]
[Black "Kozul, Z."]
[Result "1/2-1/2"]
[WhiteElo "2594"]
[BlackElo "2616"]
[PlyCount "96"]
[EventDate "2012.08.28"]
[SourceDate "1999.07.01"]
[WhiteTeam "Poland"]
[BlackTeam "Croatia"]
[WhiteTeamCountry "LES"]
[BlackTeamCountry "FRM"]

1. e4 c5 2. Nf3 d6 3. d4 cxd4 4. Qxd4 a6 5. c4 Nc6 6. Qe3 g6 7. h3 Bg7 8. Be2
Nf6 9. O-O O-O 10. Nc3 Nd7 11. Rb1 b6 12. Rd1 Bb7 13. b3 a5 14. Bb2 Nc5 15. Nb5
Bxb2 16. Rxb2 f6 17. a3 Kh8 18. Nh2 g5 19. Nf1 Ne5 20. Ng3 Qd7 21. b4 axb4 22.
axb4 Ne6 23. Qxb6 Nf4 24. Qe3 Nxe2+ 25. Qxe2 Rfc8 26. Rc1 Ba6 27. Ra2 Qb7 28.
Rcc2 Rab8 29. Ra5 Nc6 30. Ra4 Qb6 31. Nf5 Bxb5 32. cxb5 Nd4 33. Nxd4 Qxd4 34.
Rc6 Re8 35. Rc7 Qe5 36. Qc2 Rxb5 37. Rc8 Rxc8 38. Qxc8+ Kg7 39. Qc6 f5 40. f3
Qd4+ 41. Kh2 Re5 42. Ra8 fxe4 43. Qc8 Qd5 44. Qh8+ Kh6 45. Ra5 Qf7 46. Rxe5
Qf4+ 47. Kh1 dxe5 48. fxe4 Qf1+ 1/2-1/2

[Event "40th Olympiad Open"]
[Site "Istanbul TUR"]
[Date "2012.09.09"]
[Round "11.8"]
[White "Quesada Perez, Yu"]
[Black "Borisek, J."]
[Result "1/2-1/2"]
[WhiteElo "2626"]
[BlackElo "2554"]
[PlyCount "93"]
[EventDate "2012.08.28"]
[SourceDate "1999.07.01"]
[WhiteTeam "Cuba"]
[BlackTeam "Slovenia"]
[WhiteTeamCountry "GAM"]
[BlackTeamCountry "ZAR"]

1. e4 c5 2. Nf3 d6 3. d4 cxd4 4. Nxd4 Nf6 5. Nc3 g6 6. Be3 Bg7 7. f3 O-O 8. Qd2
Nc6 9. O-O-O d5 10. exd5 Nxd5 11. Nxc6 bxc6 12. Bd4 Nxc3 13. Qxc3 Bh6+ 14. Be3
Bxe3+ 15. Qxe3 Qb6 16. Qxe7 Be6 17. Qa3 Rad8 18. Bd3 Rd5 19. b3 Rfd8 20. Rde1
c5 21. h4 c4 22. bxc4 Ra5 23. Qc3 Rxa2 24. h5 Qa5 25. Qxa5 Rxa5 26. hxg6 hxg6
27. Kb2 Rc5 28. Bxg6 Bxc4 29. Bh7+ Kg7 30. g4 Bd5 31. Be4 Bxe4 32. Rxe4 Rd2 33.
Rc1 Rf2 34. Rf4 Rc6 35. Kb3 Rf6 36. Rxf6 Kxf6 37. c4 Rxf3+ 38. Kb4 Ke6 39. Ra1
Rg3 40. Kb5 Rxg4 41. c5 f5 42. Ra6+ Kd5 43. Rxa7 Rg1 44. Rd7+ Ke4 45. c6 f4 46.
c7 Rc1 47. Kb6 1/2-1/2

[Event "2nd Metropolitan International"]
[Site "Los Angeles USA"]
[Date "2012.08.16"]
[Round "4"]
[White "Hess, Ro"]
[Black "Moradiabadi, E."]
[Result "1/2-1/2"]
[WhiteElo "2624"]
[BlackElo "2570"]
[PlyCount "70"]
[EventDate "2012.08.14"]
[EventType "swiss"]
[SourceDate "1999.07.01"]

1. e4 c5 2. Nf3 d6 3. c3 Nf6 4. Be2 g6 5. O-O Bg7 6. e5 dxe5 7. Nxe5 O-O 8. d4
cxd4 9. cxd4 Nfd7 10. Nf3 Nb6 11. Nc3 Nc6 12. Be3 Bf5 13. Re1 Rc8 14. Rc1 Nb4
15. Qb3 a5 16. a3 Be6 17. Qd1 N4d5 18. Nxd5 Bxd5 19. Ne5 Nd7 20. Rxc8 Qxc8 21.
Nd3 Rd8 22. Nf4 Bc6 23. Qd2 Qa8 24. d5 Nf6 25. Bf3 e5 26. dxc6 Rxd2 27. cxb7
Qb8 28. Bxd2 e4 29. Rxe4 Nxe4 30. Bxe4 Bxb2 31. Nd5 Kg7 32. Nb6 Qe8 33. g3 Be5
34. Bf4 Bxf4 35. gxf4 Qd8 1/2-1/2

[Event "BDO Premier 2012"]
[Site "Haarlem NED"]
[Date "2012.08.31"]
[Round "7.3"]
[White "Vaibhav, S."]
[Black "Nijboer, F."]
[Result "1/2-1/2"]
[WhiteElo "2502"]
[BlackElo "2535"]
[PlyCount "158"]
[EventDate "2012.08.25"]
[SourceDate "1999.07.01"]

1. e4 c5 2. Nf3 d6 3. d4 cxd4 4. Nxd4 Nf6 5. Nc3 Nc6 6. Bc4 Qb6 7. Nb3 e6 8.
Bf4 Ne5 9. Be2 a6 10. g4 Qc7 11. g5 Nfd7 12. Bg3 b5 13. Qd4 h6 14. gxh6 Rxh6
15. O-O-O Bb7 16. Kb1 Rc8 17. a3 Nc4 18. Bxc4 bxc4 19. Nc1 Ne5 20. f4 Ng4 21.
Qd2 Nf6 22. Rhe1 Be7 23. N1a2 Rb8 24. Qd4 Nh5 25. Ka1 e5 26. Qd2 Nxf4 27. Bxf4
exf4 28. Qxf4 Qb6 29. e5 g5 30. Qxc4 d5 31. Qd3 Rxh2 32. Rh1 Rxh1 33. Rxh1 d4
34. Rh8+ Bf8 35. Na4 Qc7 36. e6 Qe5 37. exf7+ Ke7 38. Nb4 Qxh8 39. Qg3 Rd8 40.
Nc5 Qh1+ 41. Ka2 Bd5+ 42. b3 Kxf7 43. Qxg5 Be7 44. Qf5+ Kg7 45. Nxd5 Rxd5 46.
Ne6+ Kh6 47. Qf7 Qg2 48. Qxe7 Qxc2+ 49. Ka1 Qc3+ 50. Ka2 Qc2+ 51. Ka1 Qd1+ 52.
Ka2 Qd2+ 53. Ka1 Qd1+ 54. Ka2 Qe2+ 55. Ka1 Qe1+ 56. Ka2 Qe2+ 57. Ka1 Qf1+ 58.
Ka2 Qf2+ 59. Ka1 Qf1+ 60. Ka2 Qf2+ 61. Ka1 Rf5 62. Qg7+ Kh5 63. Qh8+ Kg4 64.
Qxd4+ Qxd4+ 65. Nxd4 Rf2 66. b4 Kf4 67. Ne6+ Ke3 68. Nc5 a5 69. bxa5 Kd4 70.
Na4 Kc4 71. a6 Rf7 72. Kb2 Ra7 73. Kc2 Rxa6 74. Nb2+ Kd4 75. Kb3 Rb6+ 76. Kc2
Rb8 77. Na4 Rc8+ 78. Kb3 Rb8+ 79. Kc2 Rb7 1/2-1/2

[Event "14th Sants Open A"]
[Site "Barcelona ESP"]
[Date "2012.08.21"]
[Round "5.2"]
[White "Perez Mitjans, O."]
[Black "Spraggett, K."]
[Result "1-0"]
[WhiteElo "2504"]
[BlackElo "2595"]
[PlyCount "85"]
[EventDate "2012.08.17"]
[SourceDate "1999.07.01"]

1. e4 c5 2. Nf3 d6 3. d4 Nf6 4. Nc3 cxd4 5. Qxd4 a6 6. Bg5 Nc6 7. Qd2 h6 8.
Bxf6 gxf6 9. O-O-O Bd7 10. Nd4 e6 11. f4 b5 12. Nxc6 Bxc6 13. Qe3 Qe7 14. Bd3
Qa7 15. Qg3 b4 16. Ne2 Qc5 17. Kb1 a5 18. Rhf1 a4 19. Qf2 Qxf2 20. Rxf2 Ra5 21.
Nd4 Bd7 22. Bc4 Rc5 23. b3 h5 24. f5 Ke7 25. Rfd2 Bh6 26. Rd3 axb3 27. Bxb3 h4
28. fxe6 fxe6 29. Nf3 Bf4 30. Rd4 Rb8 31. e5 Bxe5 32. Rxh4 Be8 33. Rh7+ Bf7 34.
Nh4 Rg8 35. Nf5+ Kf8 36. Nxd6 Bxd6 37. Rxd6 Rxg2 38. Rd7 Be8 39. Rd8 Re5 40.
Rh8+ Kf7 41. Rdxe8 Re1+ 42. Kb2 Rgg1 43. Rhf8+ 1-0

[Event "ZMDI Open A 2012"]
[Site "Dresden GER"]
[Date "2012.08.21"]
[Round "4"]
[White "Oleksienko, M."]
[Black "Olszewski, Mi"]
[Result "1/2-1/2"]
[WhiteElo "2535"]
[BlackElo "2521"]
[PlyCount "97"]
[EventDate "2012.08.18"]
[SourceDate "1999.07.01"]

1. e4 c5 2. Nf3 d6 3. c3 Nf6 4. Be2 Nbd7 5. d3 b6 6. O-O Bb7 7. Nbd2 g6 8. Re1
Bg7 9. Bf1 O-O 10. d4 cxd4 11. cxd4 e5 12. d5 a5 13. Nb1 Nc5 14. Nc3 h6 15. Nd2
Ne8 16. Rb1 f5 17. b4 axb4 18. Rxb4 Nf6 19. exf5 gxf5 20. Nc4 Ba6 21. Nb5 Nce4
22. Bb2 Nxf2 23. Kxf2 Qc8 24. Nxe5 dxe5 25. Qc1 Qd7 26. Qc6 Qf7 27. Qe6 Nxd5
28. Qxf7+ Rxf7 29. Ra4 e4 30. Bc4 Bb7 31. Rxa8+ Bxa8 32. Bxg7 Kxg7 33. Rd1 Rd7
34. Nc3 e3+ 35. Ke1 Nf6 36. Rxd7+ Nxd7 37. Bd5 Bxd5 38. Nxd5 Kf7 39. Ke2 Ke6
40. Nf4+ Ke5 41. Kxe3 Nc5 42. Ng6+ Kf6 43. Nh4 Ke5 44. Nf3+ Kd5 45. Kf4 Ke6 46.
Nd4+ Kf6 47. Nxf5 Ne6+ 48. Ke4 Nc5+ 49. Kf4 1/2-1/2